|
|
|
|
| LEADER |
02643nam a2200529 4500 |
| 001 |
978-3-540-69351-2 |
| 003 |
DE-He213 |
| 005 |
20191026201808.0 |
| 007 |
cr nn 008mamaa |
| 008 |
121227s1998 gw | s |||| 0|eng d |
| 020 |
|
|
|a 9783540693512
|9 978-3-540-69351-2
|
| 024 |
7 |
|
|a 10.1007/3-540-69351-3
|2 doi
|
| 040 |
|
|
|d GrThAP
|
| 050 |
|
4 |
|a Q334-342
|
| 072 |
|
7 |
|a UYQ
|2 bicssc
|
| 072 |
|
7 |
|a COM004000
|2 bisacsh
|
| 072 |
|
7 |
|a UYQ
|2 thema
|
| 082 |
0 |
4 |
|a 006.3
|2 23
|
| 245 |
1 |
0 |
|a Case-Based Reasoning Technology
|h [electronic resource] :
|b From Foundations to Applications /
|c edited by Mario Lenz, Brigitte Bartsch-Spörl, Hans-Dieter Burkhard, Stefan Wess.
|
| 250 |
|
|
|a 1st ed. 1998.
|
| 264 |
|
1 |
|a Berlin, Heidelberg :
|b Springer Berlin Heidelberg :
|b Imprint: Springer,
|c 1998.
|
| 300 |
|
|
|a XIV, 405 p. 82 illus., 11 illus. in color.
|b online resource.
|
| 336 |
|
|
|a text
|b txt
|2 rdacontent
|
| 337 |
|
|
|a computer
|b c
|2 rdamedia
|
| 338 |
|
|
|a online resource
|b cr
|2 rdacarrier
|
| 347 |
|
|
|a text file
|b PDF
|2 rda
|
| 490 |
1 |
|
|a Lecture Notes in Artificial Intelligence ;
|v 1400
|
| 505 |
0 |
|
|a Extending some Concepts of CBR - Foundations of Case Retrieval Nets -- Diagnosis and Decision Support -- Intelligent Sales Support with CBR -- Textual CBR -- Using Configuration Techniques for Adaptation -- CBR Applied to Planning -- CBR for Design -- CBR for Experimental Software Engineering -- CBR for Tutoring and Help Systems -- CBR in Medicine -- Methodology for Building CBR Applications -- Related Areas.
|
| 650 |
|
0 |
|a Artificial intelligence.
|
| 650 |
|
0 |
|a Information technology.
|
| 650 |
|
0 |
|a Business-Data processing.
|
| 650 |
1 |
4 |
|a Artificial Intelligence.
|0 http://scigraph.springernature.com/things/product-market-codes/I21000
|
| 650 |
2 |
4 |
|a IT in Business.
|0 http://scigraph.springernature.com/things/product-market-codes/522000
|
| 700 |
1 |
|
|a Lenz, Mario.
|e editor.
|4 edt
|4 http://id.loc.gov/vocabulary/relators/edt
|
| 700 |
1 |
|
|a Bartsch-Spörl, Brigitte.
|e editor.
|4 edt
|4 http://id.loc.gov/vocabulary/relators/edt
|
| 700 |
1 |
|
|a Burkhard, Hans-Dieter.
|e editor.
|4 edt
|4 http://id.loc.gov/vocabulary/relators/edt
|
| 700 |
1 |
|
|a Wess, Stefan.
|e editor.
|4 edt
|4 http://id.loc.gov/vocabulary/relators/edt
|
| 710 |
2 |
|
|a SpringerLink (Online service)
|
| 773 |
0 |
|
|t Springer eBooks
|
| 776 |
0 |
8 |
|i Printed edition:
|z 9783540645726
|
| 776 |
0 |
8 |
|i Printed edition:
|z 9783662180099
|
| 830 |
|
0 |
|a Lecture Notes in Artificial Intelligence ;
|v 1400
|
| 856 |
4 |
0 |
|u https://doi.org/10.1007/3-540-69351-3
|z Full Text via HEAL-Link
|
| 912 |
|
|
|a ZDB-2-SCS
|
| 912 |
|
|
|a ZDB-2-LNC
|
| 912 |
|
|
|a ZDB-2-BAE
|
| 950 |
|
|
|a Computer Science (Springer-11645)
|